000 01378cam a22003737a 4500
003 CHAP
005 20220329142835.0
008 040621d2003 mx d r 00110 spa d
010 _a88549
011 _a89521
035 _a100072
040 _cCHAP
090 _aTesis
100 0 0 _aEspejel López, Ramiro.
_937812
245 1 0 _aEfecto del momento de separación de las madres sobre el comportamiento postdestete de cabritos
_c/por Ramiro Espejel López
260 _aChapingo, Méx. :
_bEl autor,
_c2003
300 _a53 h. :
_bgráf. ; cuadros
502 _aTesis (Ing. Agr. Esp. en Zootecnia) -- UACH. Departamento de Zootecnia
590 _aALEPH
_b10
_c20130110
_lUCH01
_h1459
590 _aBATCH-UPD
_b10
_c20130110
_lUCH01
_h0556
590 _aBATCH-UPD
_b10
_c20130410
_lUCH01
_h0238
590 _aBATCH-UPD
_b10
_c20130914
_lUCH01
_h1320
590 _aCONVERSION
_b10
_c20130109
_lUCH01
_h1349
650 1 4 _aGanado cabrío
_xAlimentación.
_944990
650 1 4 _aGanado cabrío
_xCrecimiento.
_945000
650 1 4 _aGanado cabrío
_xCría de.
_945001
650 1 4 _aGanado cabrío
_xDestete.
_945003
650 1 4 _aGanado cabrío
_xRazas.
_945042
901 _aBK
905 _aMarco A. Mendoza T.
942 _cFOLL
949 _aTesis
_bBC
_cTES
_d1000721
_eTS1
_gDonaciØn
_h42195
_i100072
_sb
949 _aTesis
_bBC
_cTES
_d33724000926747
_eTS2
_fc.2
_gDonaciØn
_h42196
_i100072
_sb
999 _c88549
_d88549